000 004990000a22001690004500
003 MACL
005 20160317154854.0
008 160317b xxu||||| |||| 00| 0 eng d
040 _aMACL
_cMACL
041 _aHindi
082 _a941.642
100 _aजगपति चतुर्वेदी
_946993
245 _aसृष्टि का इतिहास
260 _bकिताब महल
_c1958
_aदिल्‍ली
650 _aChildren Book
_946994
942 _cHIN
_k741.642
_2ddc
999 _c25215
_d25215